000 00254nam a22001217a 4500
008 181217b xxu||||| |||| 00| 0 eng d
041 _aeng
080 _a621
100 _a27
101 _aENG
245 _aRadar Engineering
_cFink.D
942 _2udc
_cBK
999 _c53150
_d53150